Nuevo rol de recursos humanos : estrategia de negocios /

Guardado en:
Autor Principal: Palacios, María del Carmen.
Autor Corporativo: Jornada de business to business
Formato: Libro
Idioma:Spanish
Publicado: Buenos Aires : Mercado, 1996.
Series:Cuadernos de actualización empresarial.
Materias:
Etiquetas: Agregar Etiqueta
Sin Etiquetas, Sea el primero en etiquetar este registro!
LEADER 00884nam a22002055 4500
001 EAD.ead003451
008 080718s1996####ag#d##########000#0#spa#d
005 20130528172022.0
245 1 0 |a Nuevo rol de recursos humanos :  |b estrategia de negocios /  |c María del Carmen Palacios. 
260 |a Buenos Aires :  |b Mercado,  |c 1996. 
300 |a [16] p. 
490 1 |a Cuadernos de actualización empresarial 
500 |a Exposición realizada en la primera jornada de business to business`96 organizada por la revista Mercado. 
100 1 |a Palacios, María del Carmen. 
711 2 |a Jornada de business to business  |n (1a. :  |d 1996 :  |c Buenos Aires, Argentina) 
830 0 |a Cuadernos de actualización empresarial. 
082 0 4 |a 658.301  |2 21 
650 7 |a Cambio organizacional.  |2 unbist 
650 7 |a Administracion de personal.  |2 unbist 
859 |a AR-BaBDC  |b BIB. ADMINISTRACION - Libros  |h 658.301  |i P171  |p b03397